000 01191nam0a2200325 i 4500
001 RU\NLR\BIBL_A\011141698
005 20240921121928.0
010 _a9785906813657
_9300
021 _aRU
_b2016-39843
_92549
035 _a(NILC)RuMoRGB-008489224
035 _a(NLR Aleph) 011141698
090 _a11622766
_c11622766
100 _a20160530d2016 um y0rusy50 ca
101 0 _arus
102 _aRU
_aRU
105 _aacb|z||||01ay
200 1 _aОтряд отвергнутых
_eповесть
_fВладлен Авинда
210 _aСимферополь
_cАриал
_d2016
215 _a88 с.
_cил., потр., карт.
_d21
300 _aНа 4-й с. обл. авт.: Гончаров Владлен Петрович (Авинда), засл. работник культуры
320 _aДр. произведения авт. на 4-й с. обл.
675 _a821.161.1
686 2 _aШ6(2=Р)8-440.4
700 1 _7ca
_8rus
_aАвинда
_bВ.
_gВладлен
_9160795
_3RU\NLR\AUTH\770160837
801 0 _aRU
_bРГБ
_c20160517
_gRCR
942 _cBOOK
980 _aNBR